ბათუმის შოთა რუსთაველის სახელმწიფო უნივერსიტეტის ბიბლიოთეკა

Помпеи. Геркуланум. Стабии / (ბიბ.ჩანაწერი № 60730)

000 -LEADER
fixed length control field 00559nam a22001577a 4500
005 - DATE AND TIME OF LATEST TRANSACTION
control field 20231016112403.0
008 - FIXED-LENGTH DATA ELEMENTS--GENERAL INFORMATION
fixed length control field 231016s1985 ru ||||| |||| 00| 0 rus d
041 ## - LANGUAGE CODE
Language code of text/sound track or separate title rus
080 ## - UNIVERSAL DECIMAL CLASSIFICATION NUMBER
Universal Decimal Classification number 72(082.1) K-82
100 ## - MAIN ENTRY--PERSONAL NAME
Personal name Кривченко, В.И.
9 (RLIN) 20084
245 ## - TITLE STATEMENT
Title Помпеи. Геркуланум. Стабии /
Statement of responsibility, etc. В.И. Кривченко.
264 ## - PRODUCTION, PUBLICATION, DISTRIBUTION, MANUFACTURE, AND COPYRIGHT NOTICE
Place of production, publication, distribution, manufacture Москва :
Name of producer, publisher, distributor, manufacturer Искусство,
Date of production, publication, distribution, manufacture, or copyright notice 1985.
300 ## - PHYSICAL DESCRIPTION
Extent 224 стр.:
Other physical details илл.;
Dimensions 17 cm.
653 ## - INDEX TERM--UNCONTROLLED
keyword პომპეი. ჰერკულანეუმი. სტაბიაე
942 ## - ADDED ENTRY ELEMENTS (KOHA)
Source of classification or shelving scheme
Koha item type წიგნი
ეგზემპლარები
Withdrawn status Lost status Source of classification or shelving scheme Damaged status Not for loan Permanent Location Current Location Shelving location Date acquired Cost, normal purchase price Full call number Barcode Date last seen Copy number Uniform Resource Identifier Price effective from Koha item type Public note
          ბათუმის შოთა რუსთაველის სახელმწიფო უნივერსიტეტის მთავარი ბიბლიოთეკა ბათუმის შოთა რუსთაველის სახელმწიფო უნივერსიტეტის მთავარი ბიბლიოთეკა წიგნსაცავი 2023-10-16 5.00 72(082.1) K-82 65307 2023-10-16 65307 ბსუ-ს საპატიო დოქტორის გურამ ლორთქიფანიძის საჩუქარი 2023-10-16 წიგნი 5 ლ.